000 00538nam a2200169 i 4500
001 129326
003 ES-MaACL
005 20230906193459.0
007 t|
008 070612s1929 fr ||||1| fre d
080 _a1(04)
100 1 _aTermier, Pierre.
_9109755
245 1 3 _aLa vocation de savant
_b: suite de A la gloire de la terre et de la joie de connaitre, souvenirs d'un géologue /
_cPierre Termier.
260 _aParís :
_bDesclée de Brouwer,
_c1929.
300 _a263 p. ;
_c21 cm.
852 _aES-MaACL
_jB-9269
_bR.19263
999 _c129326
_d129326